000 01538nam2a2200253 4500
001 rc\2859565
005 20200325110515.0
035 _a(NLR Aleph) 007203715
090 _a13628440
_c13628440
100 _a20110709d1939 |||y0rusy50 ca
101 0 _arus
102 _aRU
105 _ah z |||||
200 1 _aˆ[‰Анна Каренина]
_e[Черновые редакции и варианты]
_f[Ред. Н.К. Гудзия]
210 _aМосква
_cГослитиздат
_d1939
215 _aX, 688 с., 2 вкл. л. факс.
_cфакс.
461 0 _1001rc\2859546
_12001#$aПолное собрание сочинений$eЮбилейное издание. (1828-1928)$hСерия 1$iПроизведения. Т. 1-$fЛ.Н. Толстой$gПод общ. ред. В.Г. Черткова$gПри участии Редакторского ком. в составе А. Л. Толстой, А. Е. Грузинского, Н. Н. Гусева ... [и др.]$gИздание осуществляется под наблюдением Гос. ред. комиссии в составе А. В. Луначарского, В. Д. Бонч-Бруевича, М. Н. Покровского и И. И. Степанова-Скворцова$vТ. 20
_1700#1$aТолстой$bЛ. Н.$gЛев Николаевич$f1828-1910$3RU\NLR\AUTH\771515
702 1 _aГудзия
_bН. К.
_4340
801 0 _aRU
_bNLR
_gpsbo
801 1 _aRU
_bELAR
_2rusmarc
852 _aNLR
_bЛ
_j30 Г-7/109
942 _cBOOK
980 _aNB